• 首页
  • 本馆介绍
  • 公告通知
  • 最新文献
  • 馆藏检索
  • 电子资源
  • 读者导购
  • 参考咨询
  • 我的图书馆
  • 登录
  • 详细信息显示
  • 放入我的书架
  • 预约/预借图书
  • 作者相关作品
  • 分类相关作品
  • 丛书相关作品
  • 出版社相关作品

书目信息

  • 表格格式
  • 工作单格式
  • 卡片格式
题名:
商丘史话
    
 
作者: 尚起兴 , 尚骥 著
分册:  
出版信息: 北京   新华出版社  2001.9
页数: 581页
开本: 20cm
丛书名:
单 册:
中图分类: K296.13
科图分类:
主题词: 河南--地方史
电子资源:
ISBN: 7-5011-5300-0
000 00570nam0 2200205 45
001 0201271072
005 20041110142534.4
010    @a7-5011-5300-0@dCNY56.00
100    @a20020127d2001 km y0chiy0120 ea
101 0  @achi
105    @aa z 000yy
200 1  @a商丘史话@AShang Qiu Shi Hua@f尚起兴,尚骥著@FShang Qi Xing,Shang Ji Zhu
210    @a北京@c新华出版社@d2001.9
215    @a581页@c彩照@d20cm
606 0  @a河南@x地方史
690    @aK296.13@v4
701  0 @a尚起兴@4著
701  0 @a尚骥@4著
801    @aCN@bTSTC@c20020127
905    @b305728-730@dK296.13@e105@f3
    
    商丘史话/尚起兴,尚骥著.-北京:新华出版社,2001.9
    581页:彩照;20cm
    
    
    ISBN 7-5011-5300-0:CNY56.00
    
●
相关链接 在E读中查询图书 在五车中查询图书 在当当中查询图书 在豆瓣中查询图书


正题名:商丘史话     索取号:K296.13/105         预约/预借

序号 登录号 条形码 馆藏地/架位号 状态 备注
1 0305728   203057280   第二借阅区/ [索取号:K296.13/105] 在馆    
2 0305729   203057299   第二借阅区/ [索取号:K296.13/105] 在馆    
3 0305730   203057306   第二样本阅览室/ [索取号:K296.13/105] 在馆    
唐山师范学院图书馆 欢迎您!
大连网信软件有限公司© 版权所有